Polskie miasta na prawach powiatu - Statystyki

Ogólne statystyki
  • Ten quiz został rozwiązany 92 razy
  • Średni wynik to 53 z 66
Statystyki odpowiedzi
Województwo Miasto % Poprawnych
Dolnośląskie Wrocław
100%
Małopolskie Kraków
95%
Łódzkie Łódź
95%
Lubelskie Lublin
95%
Mazowieckie Warszawa
95%
Kujawsko-pomorskie Bydgoszcz
94%
Pomorskie Gdańsk
94%
Opolskie Opole
94%
Zachodniopomorskie Szczecin
94%
Kujawsko-pomorskie Toruń
94%
Podlaskie Białystok
92%
Pomorskie Gdynia
92%
Świętokrzyskie Kielce
92%
Wielkopolskie Poznań
92%
Śląskie Katowice
91%
Warmińsko-mazurskie Olsztyn
91%
Podkarpackie Rzeszów
91%
Pomorskie Sopot
91%
Warmińsko-mazurskie Elbląg
86%
Lubuskie Gorzów Wielkopolski
86%
Mazowieckie Radom
86%
Zachodniopomorskie Świnoujście
86%
Dolnośląskie Wałbrzych
86%
Śląskie Częstochowa
85%
Małopolskie Tarnów
85%
Lubuskie Zielona Góra
85%
Śląskie Bielsko-Biała
83%
Dolnośląskie Legnica
83%
Podlaskie Suwałki
83%
Lubelskie Zamość
83%
Pomorskie Słupsk
82%
Śląskie Tychy
82%
Śląskie Zabrze
82%
Śląskie Gliwice
80%
Podkarpackie Przemyśl
80%
Kujawsko-pomorskie Włocławek
80%
Śląskie Bytom
78%
Kujawsko-pomorskie Grudziądz
78%
Dolnośląskie Jelenia Góra
78%
Wielkopolskie Kalisz
78%
Zachodniopomorskie Koszalin
78%
Podlaskie Łomża
78%
Łódzkie Piotrków trybunalski
78%
Małopolskie Nowy sącz
77%
Śląskie Sosnowiec
77%
Śląskie Rybnik
75%
Lubelskie Biała Podlaska
74%
Śląskie Chorzów
74%
Mazowieckie Płock
74%
Lubelskie Chełm
72%
Śląskie Dąbrowa Górnicza
72%
Wielkopolskie Konin
72%
Mazowieckie Siedlce
72%
Łódzkie Skierniewice
72%
Podkarpackie Tarnobrzeg
71%
Podkarpackie Krosno
69%
Wielkopolskie Leszno
69%
Mazowieckie Ostrołęka
66%
Śląskie Ruda Śląska
66%
Śląskie Jaworzno
65%
Śląskie Mysłowice
63%
Śląskie Siemianowice Śląskie
62%
Śląskie Żory
57%
Śląskie Jastrzębie-Zdrój
55%
Śląskie Świętochłowice
54%
Śląskie Piekary Śląskie
51%
Nie znaleziono quizów pasujących do podanych kryteriów
Rozkład punktacji
Procent ludzi z każdym wynikiem
Percentyl według liczby udzielonych odpowiedzi
Twoja historia wyników
Nie rozwiązałeś tego quizu